Los Impuestos en España
Publicado:
Madrid :
Ministerio de Hacienda. Secretaría General Técnica. Servicio de Publicaciones ,
1971
Descripción Física:
905 p. ; 24 cm
Materias:
Impostos -- Espanya
MARC
| LEADER | 00000nam a2200000Ia 4500 | ||
|---|---|---|---|
| 001 | 10916 | ||
| 008 | 160829s1971 xx 000 0 cat d | ||
| 080 | |a M-1-270 | ||
| 245 | |a Los Impuestos en España | ||
| 250 | |a 4a ed. | ||
| 260 | |a Madrid : |b Ministerio de Hacienda. Secretaría General Técnica. Servicio de Publicaciones, |c 1971 | ||
| 300 | |a 905 p. ; |c 24 cm | ||
| 650 | |a Impostos |x Espanya |9 25281 | ||
| 901 | |a Arxiu | ||
| 942 | |n 1 | ||
| 952 | |0 0 |1 0 |4 0 |6 M1270 |7 1 |9 47985 |a Arxiu |b Arxiu |d 2016-12-01 |l 0 |o M-1-270 |p 10916 |r 2016-12-01 00:00:00 |w 2016-12-01 |y ARXIU | ||
| 999 | |c 51786 |d 51786 | ||